00638nam a22001815i 450000100060000000300090000600500170001500700030003200800410003504000200007610000280009624501590012426000560028330000260033965100470036585200230041285200210043568446ES-MaACL20240228152701.0t|960802s1867 fr ||||1| spa d aCAM bspa cCAM1 aGarcía Ruiz, Eugenio.13aLa revolución en España b: con la historia de los movimientos de enero y junio de 1866 y el del mes de agosto último / cpor Eugenio García Ruiz. aParis : b[s.n.], c1867 (fImprenta de Ch. Lahure) aIV, 159 p. ; c22 cm. 4aEspaña-xHistoria-z1843-1868, Isabel II aES-MaACLj1491-F-6 aES-MaACLjB-7240